书目信息 |
| 题名: |
解套
|
|
| 作者: | 刘登阁 著 | |
| 分册: | ||
| 出版信息: | 北京 中国水利水电出版社 2005.01 |
|
| 页数: | 292页 | |
| 开本: | 20cm | |
| 丛书名: | ||
| 单 册: | ||
| 中图分类: | B848.4 | |
| 科图分类: | ||
| 主题词: | 成功心理学 | |
| 电子资源: | ||
| ISBN: | 7-5084-2479-4 | |
| 000 | 01168nam0 2200241 450 | |
| 001 | 012008921531 | |
| 005 | 20080424154954.56 | |
| 010 | @a7-5084-2479-4@dCNY14.00 | |
| 100 | @a20080424d2005 km y0chiy0120 ea | |
| 101 | 0 | @achi |
| 102 | @aCN@b110000 | |
| 105 | @ay z 000yy | |
| 106 | @ar | |
| 200 | 1 | @a解套@Ajie tao@e职场进退维谷的解决之道@f刘登阁著@Fliu deng ge zhu |
| 210 | @a北京@c中国水利水电出版社@d2005.01 | |
| 215 | @a292页@d20cm | |
| 330 | @a本书将根据美国著名的《财富》杂志为上班族总结出来的脱离进退维谷境地的一些秘诀,并参照现代成功学原理,结合具体的实例,从“避免蜗居效应”、“建立自己的盟友圈”、“装备新的谋生工具”、“看得比职务要求的更远”、“处理好你的公共关系”、“多多创造——永远比眼前快一步”、“将你的长处发挥到极致”、“调整好你的态度”、“学会在工作之外充实自己的生活”等方面为在职场上暂时不得意的走班族们总结出一整套行之有效的“解套”的办法,给正处于进退维谷之中的人们比较实际有效的解决之道。 | |
| 517 | 1 | @a职场进退维谷的解决之道@Azhi chang jin tui wei gu de jie jue zhi dao |
| 606 | 0 | @a成功心理学 |
| 690 | @aB848.4@v4 | |
| 701 | 0 | @a刘登阁@Aliu deng ge@4著 |
| 801 | 0 | @aCN@bQSSK@c20080424 |
| 905 | @b20703709-11@dB848.4@eL601@f3 | |
| 解套:职场进退维谷的解决之道/刘登阁著.-北京:中国水利水电出版社,2005.01 |
| 292页;20cm |
| ISBN 7-5084-2479-4:CNY14.00 |
| 本书将根据美国著名的《财富》杂志为上班族总结出来的脱离进退维谷境地的一些秘诀,并参照现代成功学原理,结合具体的实例,从“避免蜗居效应”、“建立自己的盟友圈”、“装备新的谋生工具”、“看得比职务要求的更远”、“处理好你的公共关系”、“多多创造——永远比眼前快一步”、“将你的长处发挥到极致”、“调整好你的态度”、“学会在工作之外充实自己的生活”等方面为在职场上暂时不得意的走班族们总结出一整套行之有效的“解套”的办法,给正处于进退维谷之中的人们比较实际有效的解决之道。 |
| ● |
| 相关链接 |
|
|
|
正题名:解套
索取号:B848.4/L601
 
预约/预借
| 序号 | 登录号 | 条形码 | 馆藏地/架位号 | 状态 | 备注 |
| 1 | 703709 | 207037099 | 社科库509/509社科库 45排1列2层/ [索取号:B848.4/L601] | 在馆 | |
| 2 | 703710 | 207037106 | 社科库509/509社科库 45排1列2层/ [索取号:B848.4/L601] | 在馆 | |
| 3 | 703711 | 207037115 | 社科库509/509社科库 45排1列2层/ [索取号:B848.4/L601] | 在馆 |